000 01169nam a2200253 4500
001 174544
003 ES-MaACL
005 20250709063226.0
008 100505s1753 sp p |||| | spa d
080 _a013(460.351)"08"
080 _a929(460.351)"08"
080 _a016:2
100 1 _aFlórez, Enrique,
_d1702-1773
_9142679
240 1 0 _aEspaña sagrada
245 1 0 _aEspaña sagrada.
_nTomo XI,
_pLas vidas y escritos ... de algunos varones ilustres cordobeses del siglo nono
_b: theatro geographico-historico de la Iglesia de España : origen, divisiones, y limites de todas sus Provincias : antiguedad, traslaciones, y estado antiguo y presente de sus Sillas, con varias Dissertaciones criticas /
_cpor Henrique Florez.
260 _aMadrid : en la oficina de Antonio Marin,
_c1753.
300 _a[16], 532 p., [1] h. de lám. ;
_c20 cm.
500 _aEn p. 527 nota manuscrita.
500 _aContraportada papel pegado sobre un sello.
650 4 _aEscritores españoles-
_zCórdoba-
_vBibliografías.
_9142702
650 4 _aReligión-
_vBibliografías.
_9142703
852 4 _aES-MaACL
_jR-1617-69
_x C-16767-818
999 _c174544
_d174544